Statistiques concernant Sakamoto Days - Membres de l'Ordre

Cliquez ici pour prendre le quiz!

Statistiques générales

  • Ce quiz a été pris 12 fois
  • Le résultat moyen est 6 sur 10

Statistiques - réponses

IndiceNom% Correct
EpicerieTarō Sakamoto
100%
MarteauShishiba
89%
DécédéHyō
78%
DéguisementNagumo
78%
SniperKamihate
67%
KatanaTakamura
67%
Scie circulaireOsaragi
56%
Membre fondateurSatoru Yotsumura
56%
CinéasteKanaguri
33%
Membre fondateurKindaka
22%

Distribution des résultats

Percentile par nombre de réponses

% des personnes avec chaque résultat

Votre développement - résultats

Vous n’avez pas pris ce quiz